000 00364 a2200109 4500
001 ART_3711
005 20260410161717.0
008 260409a
245 1 0 _aLiberalización de los mercados de capitales, globalización y el FMI
100 1 _aStiglitz, Joseph E.
773 0 _tDesarrollo económico
_g- Vol. 45, Nº 177 (abr./jun. 2005)
_wREV1174
999 _c16642
_d16642